| 000 | 01640nam0a2200385 4500 | ||
|---|---|---|---|
| 001 | RU\NLR\BIBL_A\022654632 | ||
| 005 | 20260114172732.0 | ||
| 010 |
_a978-5-04-227082-6 _920000 |
||
| 021 |
_aRU _bКН-П-25-054486 _9КН-П-25-5257 |
||
| 035 | _a(NLR Aleph) 022654632 | ||
| 090 |
_a13514221 _c13514221 |
||
| 100 | _a20251027d2025 u y0rusy50 ca | ||
| 101 | 1 |
_arus _ceng |
|
| 102 | _aRU | ||
| 105 | _aa z 000zy | ||
| 181 | 0 |
_ai3 _baxxe |
|
| 182 | 0 | _an | |
| 200 | 1 |
_aДом Гуччи _eсенсационная история убийства, безумия, гламура и жадности _fСара Гэй Форден _gперевод с английского М. Э. Борисовой, М. С. Белолипцева |
|
| 203 |
_aТекст _bвизуальный _cнепосредственный |
||
| 210 |
_aМосква _cЭксмо _d2025 |
||
| 215 |
_a539, [2] с. _cил. _d20 |
||
| 225 | 1 | _aКинопремьера мирового масштаба | |
| 320 | _aБиблиогр.: с. 527-536 | ||
| 333 | _a16+ | ||
| 601 | 0 | 2 |
_aГуччи, модный дом _cФлоренция, город; Италия _92554640 _3RU\NLR\AUTH\6601724317 |
| 686 | 1 | _aЩ374.9(4Ит)6-7Дом Гуччи | |
| 686 | 1 | _aШ6(7США)67-46{Лх1979-100/140} | |
| 686 | 1 | _aМ4-22л2 | |
| 700 | 1 |
_aФорден _bС. Г. _f1956- _gСара Гэй |
|
| 712 | 0 | 2 |
_4570 _aГуччи, модный дом _cФлоренция _9815608 _3RU\NLR\AUTH\880574761 |
| 942 | _cBOOK | ||
| 980 | _aNB | ||